| 000 | 01163nam a2200289 a 4500 | ||
|---|---|---|---|
| 001 | vtls001988395 | ||
| 003 | NLI | ||
| 005 | 20210630141053.0 | ||
| 008 | 180328s2013 g s000 0 eng d | ||
| 039 | 9 |
_y201803281142 _zdipanjanm |
|
| 082 | 0 | 4 |
_a345.0233(54) _222 |
| 110 | 1 |
_aIndia. _bMinistry of Law and Justice. |
|
| 245 | 1 |
_aThe Smugglers and Foreign Exchange Manipulators(Forfeiture of Property) Act, 1976 : _bAct No. 13 of 1976,as on 1st September,2013 / _cMinistry of Law and Justice,Government of India. |
|
| 260 |
_aDelhi : _bController of Publications, _c2013 |
||
| 300 |
_a[Double pagination]13p. ; _c23cm. |
||
| 500 | _aPrinted in bothg languages: Hindi & English | ||
| 650 | 0 |
_aCriminals _xlaw and Legislation _zIndia _91331454 |
|
| 650 | 0 |
_aSmugglers _xLaw and Legislation _zIndia _91331455 |
|
| 650 | 0 |
_aForeign exchange _zIndia _9707816 |
|
| 887 | _aDipanjan | ||
| 902 | _aGP 345.0233(54) In2(2013) | ||
| 904 | _aDipanjan | ||
| 949 |
_AVIRTUAITEM _D10003 _X202 _6IOD000155223ENG _92013 _eIOD155223 |
||
| 942 |
_2ddc _cBKS |
||
| 999 |
_aVIRTUA40 _c1410176 _d1410176 |
||
| 999 | _aVTLSSORT0080*0820*1100*2450*2600*3000*5000*6500*6501*6502*8520*9020*9040*9992 | ||